Manual de rendimientos unitarios de materiales para la construccion de viviendas y urbanizaciones

保存先:
書誌詳細
第一著者: Amen Chen, Franklin
フォーマット: 学位論文 図書
言語:Undetermined
出版事項: 1985
主題:
タグ: タグ追加
タグなし, このレコードへの初めてのタグを付けませんか!

MARC

LEADER 00000nam a2200000Ia 4500
001 2958
008 140114s9999 xx 000 0 und d
100 |a Amen Chen, Franklin 
245 |a Manual de rendimientos unitarios de materiales para la construccion de viviendas y urbanizaciones 
260 |c 1985 
500 |a NULL 
502 |a Escuela de ingenieria Civil 
650 |z MANUAL DE RENDIMIENTOS 
999 |c 11692  |d 11692